书目信息 |
| 题名: |
英汉语篇语用学研究
|
|
| 作者: | 苗兴伟, , 秦洪武 著 | |
| 分册: | ||
| 出版信息: | 上海 上海外语教育出版社 2010.08 |
|
| 页数: | 267页 | |
| 开本: | 21cm | |
| 丛书名: | 语言学系列丛书 | |
| 单 册: | ||
| 中图分类: | H1 , H31 | |
| 科图分类: | ||
| 主题词: | 英语--ying yu--语用学--对比研究--汉语 | |
| 电子资源: | ||
| ISBN: | 978-7-5446-1774-1 | |
| 000 | 01184nam 2200301 450 | |
| 001 | CAL 012010252935 | |
| 005 | 20231128100415.02 | |
| 010 | @a978-7-5446-1774-1@dCNY25.00 | |
| 100 | @a20111101d2010 km y0chiy50 ea | |
| 101 | 0 | @achi@aeng |
| 102 | @aCN@b310000 | |
| 105 | @aak a 000yy | |
| 200 | 1 | @a英汉语篇语用学研究@AYing Han Yu Pian Yu Yong Xue Yan Jiu@d= Studies in English and Chinese discourse pragmatics@f苗兴伟, 秦洪武著@zeng |
| 210 | @a上海@c上海外语教育出版社@d2010.08 | |
| 215 | @a267页@c图@d21cm | |
| 225 | 2 | @a语言学系列丛书@Ayu yan xue xi lie cong shu |
| 300 | @a国家社会科学基金项目 | |
| 320 | @a有书目 (第232-267页) | |
| 330 | @a语篇语用学既是功能语言学的一种研究范式,也是功能语言学的一个重要研究领域。语篇语用学探讨语法与语篇之间的关系,特别是语法范畴和句法结构在语篇层面上的使用和运作。 | |
| 410 | 0 | @12001 @a语言学系列丛书 |
| 510 | 1 | @aStudies in English and Chinese discourse pragmatics@zeng |
| 606 | 0 | @a英语@Aying yu@x语用学@x对比研究@x汉语 |
| 690 | @aH1@v5 | |
| 690 | @aH31@v5 | |
| 701 | 0 | @a苗兴伟,@AMiao Xingwei@f1967-@4著 |
| 701 | 0 | @a秦洪武@Aqin hong wu@4著 |
| 801 | 0 | @aCN@b河南城建学院图书馆@c20111101 |
| 905 | @dH31@eM735@f3 | |
| 英汉语篇语用学研究= Studies in English and Chinese discourse pragmatics/苗兴伟, 秦洪武著.-上海:上海外语教育出版社,2010.08 |
| 267页:图;21cm.-(语言学系列丛书) |
| 国家社会科学基金项目 |
| ISBN 978-7-5446-1774-1:CNY25.00 |
| 语篇语用学既是功能语言学的一种研究范式,也是功能语言学的一个重要研究领域。语篇语用学探讨语法与语篇之间的关系,特别是语法范畴和句法结构在语篇层面上的使用和运作。 |
| ● |
| 相关链接 |
|
|
|
正题名:英汉语篇语用学研究
索取号:H31/M735
 
预约/预借
| 序号 | 登录号 | 条形码 | 馆藏地/架位号 | 状态 | 备注 |
| 1 | 1056719 | 210567199 | 语言库209/209语言库 85排1列4层/ [索取号:H31/M735] | 在馆 | |
| 2 | 1056720 | 210567206 | 语言库209/209语言库 85排1列4层/ [索取号:H31/M735] | 在馆 | |
| 3 | 1056721 | 210567215 | 语言库209/209语言库 85排1列4层/ [索取号:H31/M735] | 在馆 | |
| 4 | 1508388 | 215083889 | 外国语学院资料室/ [索取号:H31/M735] | 在馆 |